| 000 | 00399 a2200121 4500 | ||
|---|---|---|---|
| 001 | ART_28133 | ||
| 005 | 20260410161951.0 | ||
| 008 | 260409a | ||
| 245 | 1 | 0 | _aAssesing HP filter performance for Argentina and U.S. macro aggregates |
| 100 | 1 | _aAhumada, Hildegart | |
| 700 | 1 | _aGaregnani, Lorena | |
| 773 | 0 |
_tJournal of applied economics _g- Vol. 3, NÂș 2 (nov. 2000) _wREV28044 |
|
| 999 |
_c30380 _d30380 |
||